| 000 | 00574nam a22001937a 4500 | ||
|---|---|---|---|
| 003 | OSt | ||
| 005 | 20140310181912.0 | ||
| 008 | 130713t xxu||||| |||| 00| 0 eng d | ||
| 020 | _a1580622011 | ||
| 050 |
_aHG 179 _b.Ed24 2000 |
||
| 082 |
_aTR 332.024 _bE24 2000 |
||
| 245 |
_aHow to Retire Early and Live Well : _bwith less than a million dollars / _cGillette Edmunds |
||
| 260 |
_a57 Littlefield Street, Avon, MA 02322. USA : _bAdams Media, _cc2000. |
||
| 300 |
_a264 p. _c22 cm. |
||
| 521 | _aFaculty | ||
| 541 | _j1 | ||
| 562 | _e1 | ||
| 942 |
_2lcc _cBK-TR _kTR |
||
| 999 |
_c6578 _d6578 |
||